000 00747nam a2200193 i 4500
001 185042
003 ES-MaACL
005 20230906222333.0
008 160308q19101919sp |||| | spa d
110 2 _aMartinus Nijhoff (La Haya)
_9159006
245 1 0 _aCatalogue [nº 396] de livres anciens en vente aux prix marqués chez Martinus Nijhoff, La Haye.
260 _aLa Haye :
_bMarinus Nijhoff, [entre 1910 y 1919]
300 _a6 v. :
_bil. ;
_c23 cm.
505 8 _aContiene: Catálogo nº 396, 1ª, 3ª, 4ª, 5ª, 6ª , 8ª parte
594 _aPrecede al tít.: Livres rares et curieux.
610 2 4 _aMartinus Nijhoff (La Haya)-
_vCatálogos.
_9159007
650 4 _aLibros-
_vCatálogos comerciales.
_9159004
852 _aES-MaACL
_j1528-F-1-6
999 _c185042
_d185042